都営バス(23区)の行先 - Statistics

General Stats
  • This quiz has been taken 96 times
  • The average score is 55 of 170
Answer Stats
% Correct
渋谷駅前
89%
錦糸町駅前
81%
新橋
78%
王子駅前
75%
葛西駅前
73%
新小岩駅前
70%
門前仲町
69%
亀戸駅前
69%
西葛西駅前
69%
新宿駅西口
68%
日暮里駅前
68%
東京駅八重洲口
68%
新木場駅前(構内)
67%
東陽町駅前
67%
池袋駅東口
65%
秋葉原駅前
65%
早稲田
65%
五反田駅
65%
目黒駅前
64%
新橋駅前
63%
両国駅前
62%
田町駅前
62%
豊洲駅前
60%
御茶ノ水駅前
60%
高田馬場駅前
59%
小岩駅前
59%
北千住駅前
59%
田端駅前
58%
目白駅前
57%
大塚駅前
54%
練馬駅
54%
恵比寿駅前
52%
木場駅前
52%
船堀駅前
52%
四谷駅
51%
葛西臨海公園駅前
48%
平井駅前
48%
東京ビッグサイト
47%
巣鴨駅前
47%
品川駅港南口
47%
東京テレポート駅前
44%
東京駅丸の内南口
43%
上野公園
43%
東京駅丸の内北口
42%
晴海埠頭
42%
六本木ヒルズ
41%
とうきょうスカイツリー駅前
41%
西新井駅前
41%
豊洲市場
40%
品川駅高輪口
40%
東大構内
38%
金町駅前
38%
浅草雷門
38%
潮見駅前
37%
早大正門
37%
上野松坂屋前
37%
浅草寿町
37%
荒川土手
37%
東京タワー
37%
大井町駅東口
37%
阿佐ヶ谷駅前
35%
一之江駅前
33%
臨海車庫
33%
臨海車庫前
33%
小滝橋車庫前
33%
大井競馬場前
33%
中央防波堤
32%
豊海水産埠頭
32%
深川車庫前
32%
赤羽駅東口
32%
国際展示場駅前
31%
東大島駅前
31%
溜池
30%
篠崎駅前
30%
杉並車庫前
30%
九段下
30%
春日駅前
28%
森下駅前
28%
豊島五丁目団地
28%
北車庫前
28%
赤坂アークヒルズ
27%
東京ドームシティ
27%
赤羽橋駅前
27%
竹の塚駅前
27%
千駄ヶ谷駅前
27%
築地駅前
26%
なぎさニュータウン
26%
練馬車庫前
26%
新代田駅前
26%
品川車庫前
26%
日赤医療センター前
25%
南砂町駅前
25%
南千住駅西口
25%
千住車庫前
25%
とげぬき地蔵前
25%
有明一丁目
23%
上野公園山下
23%
日本科学未来館
23%
青戸車庫前
23%
江戸川車庫前
23%
田町駅東口
23%
南千住車庫前
22%
江北駅前
22%
見沼代親水公園駅前
22%
三宅坂
22%
大田市場
22%
大塚二丁目
21%
東新小岩四丁目
21%
都営飯田橋駅前
21%
東京女子医大前
21%
一ツ橋
20%
有明ガーデン
20%
若洲キャンプ場前
20%
市場前駅前
20%
葛西橋
20%
南千住駅東口
20%
東神田
20%
駒込病院前
20%
足立区役所
20%
池袋サンシャインシティ
20%
海の森水上競技場
19%
東武浅草駅前
19%
平井操車所
19%
今井
19%
一之江橋西詰
19%
駒込駅南口
19%
青山一丁目駅前
19%
台場二丁目
17%
日本女子大前(豊明小学校前)
17%
足立清掃工場前
17%
晴海五丁目ターミナル
16%
江古田二丁目
16%
住友ツインビル前
15%
東小松川車庫前
15%
東京臨海病院前
15%
新田一丁目
15%
足立梅田町
15%
浅草雷門南
15%
昭和大学江東豊洲病院前
14%
新田二丁目
14%
加賀
14%
山吹町
14%
国立国際医療センター前
14%
東池袋一丁目
14%
下谷警察署前
12%
臨海町二丁目団地前
12%
新四ツ木橋
12%
三ノ輪駅前
12%
ホテル椿山荘東京前
12%
新宿伊勢丹前
12%
コーシャハイム南葛西
11%
中左近橋
11%
第六葛西小学校前
11%
大和町
11%
八潮公園前
11%
りんかい線天王洲アイル駅前
11%
キャナルコート4街区前
10%
大田市場北
10%
江北四丁目
9%
東京女子医大足立医療センター
9%
堀ノ内
9%
御殿山
9%
大井水産物埠頭前
9%
港南四丁目
9%
都立産業技術高専品川キャンパス前
7%
大井埠頭バンプール前
6%
東京出入国在留管理局前
6%
東小松川一丁目
5%
東墨田二丁目
5%
江北六丁目団地前
5%
No matching quizzes found
Score Distribution
Percent of People with Each Score
Percentile by Number Answered
Your Score History
You have not taken this quiz